00818cam a2200253 4500001001300000003000400013005001700017008004100034010001700075025002000092040001800112050001800130082001300148100002900161245011700190250001400307260006000321300001900381350000900400610003000409651004200439700003500481700004800516sa 68011992 DLC20260227112606.0691010s1966 ii 000 0 eng  asa 68011992  aPL480:I-E-10461 aDLCcDLCdDLC00aJQ298.I5bK2500a329.9/541 aKamaraj, K.,d1903-1975.10aTowards socialism:ba compilation.c[By] K. Kamaraj. Compiled by Amar Nath Vidyalankar [and] Harsh Dev Malaviya. a[1st ed.] aNew Delhi,bCongress Forum for Socialist Actionc[1966] a108 p.c22 cm. a3.0020aIndian National Congress. 0aIndiaxPolitics and governmenty1947-1 aVidyalankar, Amar Nath,ecomp.1 aMalaviya, H. D.q(Harsh Dev),d1917-ecomp.